| 000 | 02024nam a2200265Ia 4500 | ||
|---|---|---|---|
| 999 |
_c36152 _d36152 |
||
| 001 | 2054 | ||
| 003 | GE_BSU | ||
| 005 | 20190520152320.0 | ||
| 008 | 181216s||||||||xx |||||||||||||| ||und|| | ||
| 020 | _a9789994025701 | ||
| 040 | _cGE_BSU | ||
| 080 | _a911.3(100)(035) | ||
| 100 |
_aგორგოშაძე, მურმან _91404 |
||
| 245 |
_aიურიდიული გეოგრაფია : _bცნობარი / _cმურმან გორგოშაძე, დავით სამნიძე ; რედ. ომარ მახარაძე ; შოთა რუსთაველის სახელმწ. უნ-ტის სოციალ. მეცნ., ბიზნესისა და სამართალმცოდნ. ფაკ., იურიდ. მეცნ. დეპარტამენტი. |
||
| 245 | _bშოთა რუსთაველის სახელ უნ–ტი. სოციალურ მეცნ; ბიზნესისა და სამართალმცოდნეობის ფაკ–ტი, იურიდიულ მეცნიერებათ დეპარტამენტი. | ||
| 264 |
_a ბათუმი : _bშოთა რუსთაველის უნ-ტის გამ-ბა, _c2008. |
||
| 300 |
_a268 გვ.; _b20 სმ. |
||
| 504 | _aბიბლიოგრ.: გვ. 260-264. | ||
| 653 | _aიურიდიული გეოგრაფია | ||
| 653 | _aცნობარები | ||
| 700 |
_aსამნიძე, დავით _eავტორი _91405 |
||
| 700 |
_aმახარაძე, ომარ _eრედაქტორი _9244 |
||
| 710 |
_a შოთა რუსთაველის სახელმწ. უნ-ტი _bსოციალ. მეცნ., ბიზნესისა და სამართალმცოდნ. ფაკ., იურიდ. მეცნ. დეპარტამენტი. _91406 |
||
| 942 |
_cBK _2udc |
||